zpět

Detail výsledku týmu

U Dvou přátel, Hnačov

Datum a čas kvízu

20.5 Celkem bodů Celkový počet nahraných bodů na tomto kvízu bez doplňovacích otázek.
6. Pořadí na kvízu Konečné umístění týmu na tomto kvízu.

Zaznamenané odpovědi

# Otázka Odpověď Body Výsledky
1. V minulém týdnu objevil na Pál... C) houby 1
2. Policista, který se domáhal ná... B) sýr čedar 1
3. O filmu, jehož děj se odehrává... Vlny, Jiří Mádl 1
4. V jednom evropském státě se ro... Řecko 0
5. Jak se jmenuje britský cyklist... Mark Cavendish 0
6. Téma začneme u českého filmu,... (Jaroslav a Dana) Stodolovi 0
7. Ve filmu V hlavě z roku 2015 j... A) úzkost 0
8. V březnu 2024 jsme se dočkali... 1D 2A 3C 4B 0
9. Premiéru má každý rok velké mn... C 0
10. V roce 2024 přišlo do kin rovn... Frank Herbert, Spasitel Duny 0